00586pab a2200193 454500008004000000100001700040245006100057260000900118300001400127362000800141650003600149650001400185700001900199773003600218908000600254909001000260999001700270952010500287180718b2008 xxu||||| |||| 00| 0 eng d aDev, Chandra aChanging scenario of livestock enterprise of Uttarakhand c2008 ap.531-35. aFeb aLivestock - India - Uttarakhand aLivestock aKhanduri, B.K. aAgricultural Situation in India aN a80853 c80853d80853 00104070aIIPAbIIPAd2018-07-19hVolume no: 44, Issue no: 11pAR81313r2018-07-19w2018-07-19yAR